| 000 | 00688nam a2200217 i 4500 | ||
|---|---|---|---|
| 001 | 26075 | ||
| 003 | ES-MaACL | ||
| 005 | 20230906153401.0 | ||
| 007 | t| | ||
| 008 | 030107s1985 sp ||||1| spa d | ||
| 020 | _a84-7423-261-9 | ||
| 100 | 1 |
_aArnheim, Michael. _923091 |
|
| 245 | 1 | 1 |
_a¿Es verdad el cristianismo? / _cMichael Arnheim ; traducción de Jordi Beltrán. |
| 260 |
_aBarcelona : _bCrítica, _c1985. |
||
| 300 |
_a236 p. ; _c20 cm. |
||
| 490 | 1 |
_aSerie general. Estudios y ensayos ; _v146 |
|
| 700 | 1 |
_aBeltrán, Jordi ( _d1941-) _927364 |
|
| 830 | 0 |
_aSerie general. Estudios y ensayos ; _v146 _9181534 |
|
| 852 |
_aES-MaACL _jL-8449 _bR.109039 |
||
| 999 |
_c26075 _d26075 |
||